80s Sitcom Quiz - Statistics

General Stats
  • This quiz has been taken 73 times
  • The average score is 6 of 10
Answer Stats
Show Question Answer % Correct
Family Ties How many kids the Keatons have? 4
91%
Who's The Boss What sport did Tony Play Professionally? Baseball
84%
Married With Children What did Al Bundy do for a living? Shoe Salesman
84%
The Cosby Show What is the son's Name? Theo
84%
Different Strokes What city was the pent house in? New York
79%
Who's The Boss What was the name of Angela's Mother? Mona
53%
Threes Company What was the tavern's name? The Regal Beagle
51%
Threes Company What did Jack do for a living? Chef
49%
Different Strokes What was the housekeeper's name? Edna Garrett
43%
Different Strokes What was Arnold's pet Goldfish Named? Abraham
19%
No matching quizzes found
Score Distribution
Percent of People with Each Score
Percentile by Number Answered
Your Score History
You have not taken this quiz